[Event "GER-ch U10 Girls"]
[Site "Willingen"]
[Date "2016.05.20"]
[Round "10"]
[White "Petersen, Sophie"]
[Black "Tolpa, Amelie"]
[Result "1-0"]
[WhiteElo "906"]
[BlackElo "808"]
[PlyCount "85"]
[EventDate "2016.05.15"]
[EventType "swiss"]
[EventRounds "11"]
[EventCountry "GER"]
[SourceTitle "CBM 172 Extra"]
[Source "ChessBase"]
[SourceDate "2016.06.21"]
[SourceVersion "1"]
[SourceVersionDate "2016.06.21"]
[SourceQuality "1"]

1. e4 e5 2. Nf3 Nc6 3. d4 exd4 4. c3 Nf6 5. e5 Ne4 6. Bd3 Nc5 7. cxd4 Nxd3+ 8. Qxd3 Nb4 9. Qb3 d5 10. a3 Nc6 11. Nc3 Be6 12. 0-0 Be7 13. Bf4 Na5 14. Qa4+ Nc6 15. h3 0-0 16. Qc2 Bh4 17. Bg3 Bg5 18. Nxg5 Qxg5 19. Qd3 Bf5 20. Qe3 Qxe3 21. fxe3 Bd3 22. Rfd1 Bf5 23. Nxd5 Rac8 24. Rac1 Be4 25. Nc3 Bf5 26. Rf1 Bd3 27. Rf3 Rce8 28. Bf4 Re6 29. Rg3 Rg6 30. Nd5 Re6 31. Nxc7 Rg6 32. Nd5 Re6 33. Kh2 Be4 34. Nf6+ Kh8 35. Nxe4 f5 36. Nd6 Na5 37. Rc7 Rg6 38. Nxf5 Rxg3 39. Bxg3 g6 40. Nh6 Nb3 41. e6 Rg8 42. Be5+ Rg7 43. Bxg7# 1-0

[Event "GER-ch U10 Girls"]
[Site "Willingen"]
[Date "2016.05.19"]
[Round "8"]
[White "Tolpa, Amelie"]
[Black "Scholz, Rika"]
[Result "0-1"]
[WhiteElo "808"]
[BlackElo "912"]
[PlyCount "76"]
[EventDate "2016.05.15"]
[EventType "swiss"]
[EventRounds "11"]
[EventCountry "GER"]
[SourceTitle "CBM 172 Extra"]
[Source "ChessBase"]
[SourceDate "2016.06.21"]
[SourceVersion "1"]
[SourceVersionDate "2016.06.21"]
[SourceQuality "1"]

1. e4 e5 2. Nf3 Nc6 3. Bc4 Nf6 4. d3 Bc5 5. Ng5 d5 6. exd5 Nd4 7. Nxf7 Kxf7 8. Nc3 Rf8 9. d6+ Be6 10. Bxe6+ Nxe6 11. Qf3 c6 12. Ne4 Bxd6 13. Bg5 Kg8 14. Qh3 Qd7 15. Nxf6+ gxf6 16. Bh6 Rfd8 17. Qg4+ Ng7 18. Qc4+ Qf7 19. Qh4 Re8 20. 0-0 f5 21. Rae1 Be7 22. Qg3 Bd6 23. Qh4 Bb4 24. Re3 Bd6 25. Rg3 Bf8 26. Rg5 f4 27. Re1 e4 28. dxe4 Kh8 29. Rg4 Ne6 30. Bxf4 Nxf4 31. Rxf4 Qe7 32. Qh5 Rad8 33. Re3 Bh6 34. Rh3 Bxf4 35. g3 Bh6 36. Qxh6 Rd1+ 37. Kg2 Qxe4+ 38. f3 Qe2# 0-1